| 000 -LEADER |
| fixed length control field |
02220cam a2200457 i 4500 |
| 001 - CONTROL NUMBER |
| control field |
21994737 |
| 003 - CONTROL NUMBER IDENTIFIER |
| control field |
NUST |
| 005 - DATE AND TIME OF LATEST TRANSACTION |
| control field |
20220825122737.0 |
| 008 - FIXED-LENGTH DATA ELEMENTS--GENERAL INFORMATION |
| fixed length control field |
210414s2021 cau b 001 0 eng |
| 010 ## - LIBRARY OF CONGRESS CONTROL NUMBER |
| LC control number |
2021016165 |
| 020 ## - INTERNATIONAL STANDARD BOOK NUMBER |
| International Standard Book Number |
9781523091416 |
| Qualifying information |
(paperback) |
| 020 ## - INTERNATIONAL STANDARD BOOK NUMBER |
| Canceled/invalid ISBN |
9781523091423 |
| Qualifying information |
(adobe pdf) |
| 020 ## - INTERNATIONAL STANDARD BOOK NUMBER |
| Canceled/invalid ISBN |
9781523091430 |
| Qualifying information |
(epub) |
| 040 ## - CATALOGING SOURCE |
| Original cataloging agency |
DLC |
| Language of cataloging |
eng |
| Transcribing agency |
DLC |
| Description conventions |
rda |
| Modifying agency |
DLC |
| 042 ## - AUTHENTICATION CODE |
| Authentication code |
pcc |
| 043 ## - GEOGRAPHIC AREA CODE |
| Geographic area code |
n-us--- |
| 050 00 - LIBRARY OF CONGRESS CALL NUMBER |
| Classification number |
HC110.I5 |
| Item number |
V55 2021 |
| 082 00 - DEWEY DECIMAL CLASSIFICATION NUMBER |
| Classification number |
339.220973 |
| Edition number |
23 |
| Author Mark |
VIL |
| 100 1# - MAIN ENTRY--PERSONAL NAME |
| Personal name |
Villanueva, Edgar, |
| Relator term |
author. |
| 9 (RLIN) |
95386 |
| 245 10 - TITLE STATEMENT |
| Title |
Decolonizing wealth : |
| Remainder of title |
indigenous wisdom to heal divides and restore balance |
| Statement of responsibility, etc. |
Edgar Villanueva ; foreword by Bishop William J. Barber II. |
| 250 ## - EDITION STATEMENT |
| Edition statement |
Second edition. |
| 260 ## - PUBLICATION, DISTRIBUTION, ETC. |
| Place of publication, distribution, etc. |
Oakland, CA : |
| Name of publisher, distributor, etc. |
Berrett-Koehler Publishers, |
| Date of publication, distribution, etc. |
2021 |
| 300 ## - PHYSICAL DESCRIPTION |
| Extent |
xiii, 253 pages ; |
| Dimensions |
22 cm |
| 336 ## - CONTENT TYPE |
| Content type term |
text |
| Content type code |
txt |
| Source |
rdacontent |
| 337 ## - MEDIA TYPE |
| Media type term |
unmediated |
| Media type code |
n |
| Source |
rdamedia |
| 338 ## - CARRIER TYPE |
| Carrier type term |
volume |
| Carrier type code |
nc |
| Source |
rdacarrier |
| 504 ## - BIBLIOGRAPHY, ETC. NOTE |
| Bibliography, etc. note |
Includes bibliographical references and index. |
| 505 0# - FORMATTED CONTENTS NOTE |
| Formatted contents note |
Part one. Where it hurts -- Stolen and sold -- Arriving at the plantation -- House slaves -- Field hands -- The overseers -- Freedom -- Part two. Being a healer -- Medicine beyond money -- Story as medicine -- Part three. How to heal -- Grieve -- Apologize -- Listen -- Relate -- Represent -- Invest -- Repair. |
| 520 ## - SUMMARY, ETC. |
| Summary, etc. |
"This second edition expands the provocative analysis of the dysfunctional colonial dynamics at play in philanthropy and finance into other sectors and offers practical advice on how anyone can be a decolonizer"-- |
| Assigning source |
Provided by publisher. |
| 650 #0 - SUBJECT ADDED ENTRY--TOPICAL TERM |
| Topical term or geographic name entry element |
Income distribution |
| Geographic subdivision |
United States. |
| 9 (RLIN) |
95387 |
| 650 #0 - SUBJECT ADDED ENTRY--TOPICAL TERM |
| Topical term or geographic name entry element |
Wealth |
| Geographic subdivision |
United States. |
| 9 (RLIN) |
82328 |
| 650 #0 - SUBJECT ADDED ENTRY--TOPICAL TERM |
| Topical term or geographic name entry element |
Unjust enrichment |
| Geographic subdivision |
United States. |
| 9 (RLIN) |
95388 |
| 650 #0 - SUBJECT ADDED ENTRY--TOPICAL TERM |
| Topical term or geographic name entry element |
Restitution |
| Geographic subdivision |
United States. |
| 9 (RLIN) |
95389 |
| 650 #0 - SUBJECT ADDED ENTRY--TOPICAL TERM |
| Topical term or geographic name entry element |
Indians of North America |
| Geographic subdivision |
United States. |
| 9 (RLIN) |
95390 |
| 650 #0 - SUBJECT ADDED ENTRY--TOPICAL TERM |
| Topical term or geographic name entry element |
Slavery |
| Geographic subdivision |
United States. |
| 9 (RLIN) |
95391 |
| 650 #0 - SUBJECT ADDED ENTRY--TOPICAL TERM |
| Topical term or geographic name entry element |
Postcolonialism |
| Geographic subdivision |
United States. |
| 9 (RLIN) |
95392 |
| 700 1# - ADDED ENTRY--PERSONAL NAME |
| Personal name |
Barber, William J., |
| Titles and other words associated with a name |
II, |
| Dates associated with a name |
1963-, |
| Relator term |
writer of foreword. |
| 9 (RLIN) |
95393 |
| 906 ## - LOCAL DATA ELEMENT F, LDF (RLIN) |
| a |
7 |
| b |
cbc |
| c |
orignew |
| d |
1 |
| e |
ecip |
| f |
20 |
| g |
y-gencatlg |
| 942 ## - ADDED ENTRY ELEMENTS (KOHA) |
| Source of classification or shelving scheme |
|
| Koha item type |
Lincoln Corner |